00681nam a22002171 450000100060000000300080000600500170001400800390003103500190007003500190008904000470010804100080015508200200016310000240018324500870020725000120029426000750030630000340038150400370041565100110045222138BD-RjUL20211209000754.0140306s1956 enka 001 0 eng a(BD-RjUL)22203 a(OCoLC)3942845 aDLCcMnStclSdOCoLCdUkdDLCdBD-RjULbeng aeng a918.2bBUC 19561 aButland, Gilbert J.10aChile :ban outline of its geography, economics, and politics /cGilbert J Butland a3d. ed. aLondon ;aNew York :bRoyal Institute of International Affairs,c1956. avii, 128 p. :bill. ;c21 cm. aIncludes bibliography and index. 0aChile.